00311nam a2200109Ia 4500008004100000020001800041100002100059245005000080250001100130260004300141300001700184180219s9999 xx 000 0 und d a9789749823972 aRayfiled, Slyvia cManning, LorettaaNCLEX-RN 101: How to pass / a6th ed aBossier City :bI CAN Publishingc2007 ai, 227 pages